000 00764nam a2200265Ia 4500
005 20250425162452.0
008 250425s9999 xx 000 0 und d
020 _a7989702615149
041 _aspa
082 _a332.6
_pGITf
100 _aGitman, Lawrence J.
245 0 _aFundamentos de inversiones
_cLawrence J. Gitman; Michael Joehnk.
250 _a10a.ed.
260 _aMéxico
_bPEARSON EDUCACION
_c2009.
300 _a720 p.
_bTablas
_c21x27 cm.
500 _aDonado: Clermont Muñoz
500 _aTraducción: Fundamentals of investing
650 _aAdministración
650 _aEconomía
650 _aInversiones
700 _aSánchez Carrión, Miguel Angel
_etraductor
710 _aPEARSON EDUCACION
942 _c01
010 _a76312
999 _c229858
_d229858